000 00385pab a2200145 454500
008 180718b2013 xxu||||| |||| 00| 0 eng d
100 _aSahu, Gagan Bihari
245 _aRepayment performance in joint liability lending: Experience of SHGs in India
260 _c2013
300 _ap.382-401.
362 _aDec
650 _aSelf help
773 _aArtha Vijnana
909 _a107336
999 _c107331
_d107331